Normal view
MARC view
- Peck, John , Coyle, Martin
Entry Personal Name
001 - CONTROL NUMBER
- control field: 69039
003 - CONTROL NUMBER IDENTIFIER
- control field: NUST
005 - DATE AND TIME OF LATEST TRANSACTION
- control field: 20210628204148.0
008 - FIXED-LENGTH DATA ELEMENTS
- fixed length control field: 210628|| aca||aabn | a|a d
040 ## - CATALOGING SOURCE
- Original cataloging agency: NUST
- Transcribing agency: NUST
100 ## - HEADING--PERSONAL NAME
- Personal name: Peck, John , Coyle, Martin
670 ## - SOURCE DATA FOUND
- Source citation: Work cat.: (NUST): Peck, John , Coyle, Martin, The student's guide to writing , speling, punctuation and grammar, 2012
